[Event "DEN-ch Seniors"]
[Site "Aalborg"]
[Date "2023.02.19"]
[Round "3"]
[White "Gregor, Jan"]
[Black "Nielsen, Christian Volmer"]
[Result "1-0"]
[WhiteElo "1687"]
[BlackElo "1979"]
[PlyCount "85"]
[EventDate "2023.02.19"]
[EventType "swiss"]
[EventRounds "7"]
[EventCountry "DEN"]
[SourceTitle "CBM 213 Extra"]
[Source "ChessBase"]
[SourceDate "2023.05.31"]
[SourceVersion "1"]
[SourceVersionDate "2023.05.31"]
[SourceQuality "1"]

1. e4 c5 2. Nf3 Nc6 3. d4 cxd4 4. Nxd4 e5 5. Nb5 a6 6. Nd6+ Bxd6 7. Qxd6 Qf6 8. Qxf6 Nxf6 9. f3 d5 10. exd5 Nxd5 11. c3 Bf5 12. Bc4 Rd8 13. Kf2 0-0 14. Nd2 b5 15. Be2 Bc8 16. Ne4 f5 17. Nc5 e4 18. f4 Na5 19. Be3 Nxe3 20. Kxe3 Rd5 21. Nb3 Nc6 22. c4 Rd6 23. cxb5 Nb4 24. Rac1 Rfd8 25. Rhd1 Rxd1 26. Rxd1 Rxd1 27. Bxd1 Nd5+ 28. Kd4 Nxf4 29. b6 Ne6+ 30. Kd5 Kf7 31. Nc5 Nd8 32. Kd6 Nb7+ 33. Nxb7 Bxb7 34. Bb3+ Ke8 35. Kc7 Ba8 36. b7 Bxb7 37. Kxb7 Kd7 38. Kxa6 Kc6 39. Bd1 g5 40. h3 e3 41. b4 h5 42. b5+ Kc7 43. Ka7 1-0

[Event "DEN-ch Seniors"]
[Site "Aalborg"]
[Date "2023.02.19"]
[Round "1"]
[White "Kiel Jensen, Bent"]
[Black "Nielsen, Christian Volmer"]
[Result "1/2-1/2"]
[WhiteElo "1556"]
[BlackElo "1979"]
[PlyCount "87"]
[EventDate "2023.02.19"]
[EventType "swiss"]
[EventRounds "7"]
[EventCountry "DEN"]
[SourceTitle "CBM 213 Extra"]
[Source "ChessBase"]
[SourceDate "2023.05.31"]
[SourceVersion "1"]
[SourceVersionDate "2023.05.31"]
[SourceQuality "1"]

1. d4 d5 2. c4 c6 3. Nc3 Nf6 4. Nf3 e6 5. Bg5 Bd6 6. e3 Nbd7 7. Bd3 0-0 8. 0-0 a6 9. Qc2 h6 10. Bh4 dxc4 11. Bxc4 Qc7 12. Rac1 Re8 13. Rfd1 Qa5 14. Ne4 Be7 15. a3 Nxe4 16. Qxe4 Nf6 17. Bxf6 Bxf6 18. Bd3 g6 19. h4 Qf5 20. Qxf5 exf5 21. g3 Be6 22. Bc4 Rad8 23. b3 Bd5 24. Bxd5 Rxd5 25. Rc4 Red8 26. Rdc1 g5 27. hxg5 hxg5 28. Rc5 Kg7 29. a4 Be7 30. Rxd5 Rxd5 31. Kf1 f6 32. Ke2 c5 33. dxc5 Bxc5 34. Rd1 Rxd1 35. Kxd1 Kf7 36. Kd2 Ke6 37. Kd3 Kd5 38. Nd4 Bxd4 39. exd4 a5 40. f4 b6 41. Ke3 Kc6 42. Kd3 Kd5 43. Ke3 Kc6 44. Kd3 1/2-1/2

[Event "DEN-ch Seniors 65"]
[Site "Aalborg"]
[Date "2022.02.24"]
[Round "5"]
[White "Nielsen, Mogens Bach"]
[Black "Nielsen, Christian Volmer"]
[Result "1/2-1/2"]
[WhiteElo "1846"]
[BlackElo "1958"]
[PlyCount "81"]
[EventDate "2022.02.20"]
[EventType "swiss"]
[EventRounds "7"]
[EventCountry "DEN"]
[SourceTitle "EXT 2024"]
[Source "ChessBase"]
[SourceDate "2023.10.10"]
[SourceVersion "1"]
[SourceVersionDate "2023.10.10"]
[SourceQuality "1"]

1. e4 d5 2. exd5 Nf6 3. Bb5+ Nbd7 4. c4 a6 5. Bxd7+ Bxd7 6. Nf3 c6 7. dxc6 Bxc6 8. d4 e6 9. 0-0 Be7 10. Ne5 Rc8 11. Nc3 0-0 12. Be3 Qd6 13. Qe2 Rfd8 14. Rfd1 Be8 15. Rac1 Qc7 16. Bg5 Qa5 17. Bh4 Qb6 18. d5 exd5 19. Bxf6 gxf6 20. Nxd5 Qe6 21. Nxe7+ Qxe7 22. Qg4+ Kh8 23. Nf3 Bc6 24. Nd4 Be4 25. Nf5 Bxf5 26. Qxf5 Rxd1+ 27. Rxd1 Rxc4 28. h3 Rc5 29. Qf3 Kg7 30. h4 Re5 31. Rd2 Re1+ 32. Kh2 Qe5+ 33. Qg3+ Qxg3+ 34. Kxg3 Re5 35. Rd7 Rb5 36. b3 Rb4 37. f4 f5 38. Kf3 a5 39. g4 fxg4+ 40. Kxg4 a4 41. bxa4 1/2-1/2

[Event "DEN-ch Seniors 65"]
[Site "Aalborg"]
[Date "2022.02.23"]
[Round "4"]
[White "Nielsen, Christian Volmer"]
[Black "Pilgaard, Johannes"]
[Result "1-0"]
[WhiteElo "1958"]
[BlackElo "1722"]
[PlyCount "51"]
[EventDate "2022.02.20"]
[EventType "swiss"]
[EventRounds "7"]
[EventCountry "DEN"]
[SourceTitle "EXT 2024"]
[Source "ChessBase"]
[SourceDate "2023.10.10"]
[SourceVersion "1"]
[SourceVersionDate "2023.10.10"]
[SourceQuality "1"]

1. e4 e6 2. d4 d5 3. e5 c5 4. c3 Nc6 5. Nf3 Qb6 6. a3 Bd7 7. b4 cxd4 8. cxd4 a6 9. Nc3 Na7 10. Bd3 Rc8 11. Qb3 Nb5 12. Ne2 Ne7 13. 0-0 Ng6 14. h4 h5 15. Bxg6 fxg6 16. Qd3 Kd8 17. Bg5+ Kc7 18. Rfc1+ Kb8 19. Qxg6 Rxc1+ 20. Bxc1 Qc7 21. Be3 Nc3 22. Nf4 Qb6 23. Ng5 Ka7 24. Ngxe6 Bxe6 25. Nxe6 Rg8 26. Qf7 1-0

[Event "DEN-ch Seniors 65"]
[Site "Aalborg"]
[Date "2022.02.21"]
[Round "2"]
[White "Nielsen, Christian Volmer"]
[Black "Thuesen, Mogens Henrik"]
[Result "0-1"]
[WhiteElo "1958"]
[BlackElo "2145"]
[PlyCount "44"]
[EventDate "2022.02.20"]
[EventType "swiss"]
[EventRounds "7"]
[EventCountry "DEN"]
[SourceTitle "EXT 2024"]
[Source "ChessBase"]
[SourceDate "2023.10.10"]
[SourceVersion "1"]
[SourceVersionDate "2023.10.10"]
[SourceQuality "1"]

1. e4 c5 2. c3 Nf6 3. e5 Nd5 4. d4 cxd4 5. Nf3 d6 6. cxd4 e6 7. Nc3 Nxc3 8. bxc3 Qc7 9. Bd2 Nc6 10. exd6 Bxd6 11. Bd3 b6 12. Qe2 Ne7 13. c4 Bb7 14. Rc1 Bf4 15. Be3 0-0 16. g3 Bxe3 17. fxe3 e5 18. d5 Nxd5 19. 0-0 Nf6 20. e4 Rad8 21. Nh4 Qc5+ 22. Rf2 Rxd3 0-1